00872nam a2200157 a 4500008004100000020001800041041000800059100003200067245008800099250001100187260004000198300002200238500012800260505030200388655002400690161215t2007 ag |||g |||| 00| 1 spa d a9789870700463 aspa1 aGarcía Márquez, Gabriel aTextos costeños I.bObra periodística (1948-1950) /cGabriel García Márquez a1a ed. aBuenos Aires:bSudamericana;c2007. a512 p.c23x15 cm. aGarcía Márquez, G. (2007). Textos costeños I. Obra periodística (1948-1950). (1a ed.). Buenos Aires : Sudamericana. aNo sé qué tiene el acordeón de comunicativo que cuando lo oímos se nos arruga el sentimiento. Perdone usted, señor lector, este principio de greguería... Yo, personalmente, le haría levantar una estatua a ese fuelle nostálgico, amargamente humano, que tiene tanto de animal triste. aObra periodística